Members of Loona by Picture - Statistics

General Stats
  • This quiz has been taken 844 times
  • The average score is 11 of 12
Answer Stats
Picture Answer % Correct
Chuu
98%
Heejin
93%
Yves
93%
Vivi
91%
Kim Lip
89%
Olivia Hye
89%
Gowon
87%
Haseul
87%
Jinsoul
87%
Choerry
86%
Hyunjin
85%
Yeojin
84%
No matching quizzes found
Score Distribution
Percent of People with Each Score
Percentile by Number Answered
Your Score History
You have not taken this quiz